000 00583nam a2200217Ia 4500
003 OSt
005 20250828112728.0
008 241004s9999 xx 000 0 und d
020 _a9780367549947
037 _aTextbook
040 _aARTS
_beng
_cARTS
041 _aeng
_2eng
084 _aR3xM52 R1
_qARTS
100 _aVaihinger Hans Au.
_9724679
245 _aPhilosophy of 'As If'
_cVaihinger Hans Au.
260 _aUK
_bLondon Routledge
_c2021
300 _axx,353p.
365 _aUKP
_b19.99
942 _cTB
_hR3xM52 R1
_2CC
_n0
999 _c1218829
_d1218829